[Event "Portland op"]
[Site "Portland"]
[Date "1997.01.18"]
[Round "1"]
[White "Elowitch, Stanley"]
[Black "Allen, S."]
[Result "1-0"]
[WhiteElo "2265"]
[BlackElo "1868"]
[PlyCount "79"]
[EventDate "1997.01.??"]
[EventType "swiss"]
[EventRounds "5"]
[EventCountry "USA"]
[SourceTitle "EXT 2005"]
[Source "ChessBase"]
[SourceDate "2004.11.15"]
[SourceVersion "1"]
[SourceVersionDate "2004.11.15"]
[SourceQuality "1"]

1. e4 d5 2. exd5 Nf6 3. d4 Nxd5 4. Nf3 Nc6 5. Be2 e6 6. 0-0 Be7 7. c4 Nb6 8. Nc3 Bf6 9. Be3 e5 10. d5 Nd4 11. Nxd4 exd4 12. Bxd4 0-0 13. Ne4 Bxd4 14. Qxd4 Bf5 15. Ng3 Bg6 16. Rfd1 Nd7 17. Rac1 f5 18. f4 a5 19. c5 Qf6 20. c6 bxc6 21. Rxc6 Qd8 22. d6 Qf6 23. Rxc7 Qxd4+ 24. Rxd4 Rad8 25. Ra7 Nb8 26. Bb5 Rf6 27. Rxa5 Rfxd6 28. Rxd6 Rxd6 29. Ra8 Rb6 30. a4 Kf7 31. Ra7+ Kf6 32. Rc7 Bf7 33. Ne2 g6 34. Kf2 Rd6 35. Ke3 g5 36. g3 Bd5 37. Nc3 Bh1 38. b4 Bg2 39. Bc4 Rd7 40. Rxd7 1-0